LIBRARY & INFORMATION CENTRE, KCAET, TAVANUR

ONLINE PUBLIC ACCESS CATALOGUE (OPAC)

Automatic Control for Food Processing Systems (Record no. 13882)

MARC details
000 -LEADER
fixed length control field 00303nam a22001217a 4500
020 ## - INTERNATIONAL STANDARD BOOK NUMBER
ISBN 0834217813
082 ## - DEWEY DECIMAL CLASSIFICATION NUMBER
Classification number 664.00284 MOR/AU
100 ## - MAIN ENTRY--AUTHOR NAME
Personal name Moreira, Rosana G
245 ## - TITLE STATEMENT
Title Automatic Control for Food Processing Systems
260 ## - PUBLICATION, DISTRIBUTION, ETC. (IMPRINT)
Place of publication Gaithersburg
Name of publisher Aspen Publishers
Year of publication 2001
300 ## - PHYSICAL DESCRIPTION
Number of Pages 333
942 ## - ADDED ENTRY ELEMENTS (KOHA)
Koha item type Books
Holdings
Withdrawn status Lost status Damaged status Collection code Home library Current library Shelving location Date acquired Source of acquisition Cost, normal purchase price Full call number Accession Number Koha item type
      Reference KAUAET KAUAET Reference1 31/03/2012 Universal Research Books, Thrissur 10660.56 664.00284 MOR/AU 22584 Books
free website counter